| 000 | 01046cam a2200325 4500 | ||
|---|---|---|---|
| 999 |
_c23404 _d23404 |
||
| 001 | vtls011906001 | ||
| 005 | 20221010081922.0 | ||
| 008 | 210624s2019 xo gr 000 fdslo | ||
| 020 |
_a9788056904138 _q(viazané) |
||
| 035 | _aurn:nbn:sk:snk-am00edp1 | ||
| 035 | _aurn:nbn:sk:snk-am3igzw | ||
| 035 | _a9B2BF8E0-1E51-4C51-A148-5E440903868B | ||
| 040 |
_aPPPK _bslo _cPPPK _dSNK _erda |
||
| 041 | 0 | _aslo | |
| 044 |
_axo _cSK |
||
| 072 | 7 |
_a821.162.4-3 _xSlovenská próza _2konspekt |
|
| 080 |
_a821.162.4-31 _22011 |
||
| 100 | 1 |
_aHavranová, Ivana, _d1952- _4aut _93628 |
|
| 245 | 1 | 0 |
_aBola mníška _cIvana Havranová |
| 250 | _aPrvé vydanie | ||
| 264 | 1 |
_aBratislava _bMarenčin PT _c2019 |
|
| 300 |
_a142 strán _c21 cm |
||
| 336 |
_atext _btxt _2rdacontent |
||
| 337 |
_abez média _bn _2rdamedia |
||
| 338 |
_azväzok _bnc _2rdacarrier |
||
| 500 | _aObsahuje biografické údaje o autorke na záložke prebalu publikácie | ||
| 655 | 7 |
_aslovenské romány _2SNKPH _91694 |
|
| 655 | 7 |
_aSlovak fiction _2SNKPHeng _91695 |
|
| 958 | _aLX | ||